| 000 | 00712nam a2200253Ia 4500 | ||
|---|---|---|---|
| 008 | 191119s9999 xx 000 0 und d | ||
| 020 | _a978-1-250-15961-8 | ||
| 050 | _aMAIN BF 774 | ||
| 050 | _b.S53 2017 | ||
| 100 | _aSharot, Tali. | ||
| 245 | 4 | _aThe Influential mind : | |
| 245 | 0 | _bwhat the brain reveals about our power to change others / | |
| 245 | 0 | _cTali Sharot. | |
| 260 | _aNew York : | ||
| 260 | _bHenry Holt and Company, | ||
| 260 | _c2017 | ||
| 300 | _a242 pages : | ||
| 300 | _c21 cm. | ||
| 500 | _aIncludes bibliographic references and index. | ||
| 650 | _aAttitude change. | ||
| 650 | _aInfluence (Psychology). | ||
| 650 | _xNeuropsychology. | ||
| 650 | _xSocial influence. | ||
| 999 |
_c363140 _d363140 |
||